LEADER 01039nam 2200361 n 450 001 9910131667203321 005 20200421130100.0 010 $a88-596-0874-0 035 $a(CKB)3460000000087654 035 $a(ItFiC)it 02461453 035 $a(SSID)ssj0000813922 035 $a(PQKBManifestationID)12362967 035 $a(PQKBTitleCode)TC0000813922 035 $a(PQKBWorkID)10787706 035 $a(PQKB)10954053 035 $a(EXLCZ)993460000000087654 100 $a20110406d2010 uy e 101 0 $aita 181 $ctxt 182 $cc 183 $acr 200 00$aSigfrido Bartolini $efra luoghi e tempo la parola e l?immagine /$fintroduzione di Franco Cardini 210 $a[Firenze] $cPolistampa$d2010 215 $aP. 1-256 300 $aBibliographic Level Mode of Issuance: Monograph 517 $aSigfrido Bartolini 676 $a759 701 $aCardini$b Franco$037956 801 0$bItFiC 906 $aBOOK 912 $a9910131667203321 996 $aSigfrido Bartolini$92437911 997 $aUNINA LEADER 03789nam 2200601 450 001 9910453559503321 005 20210920213706.0 010 $a0-88755-437-7 035 $a(CKB)2550000001192321 035 $a(EBL)3289686 035 $a(SSID)ssj0001150902 035 $a(PQKBManifestationID)12373668 035 $a(PQKBTitleCode)TC0001150902 035 $a(PQKBWorkID)11105717 035 $a(PQKB)10114456 035 $a(MiAaPQ)EBC4828026 035 $a(Au-PeEL)EBL4828026 035 $a(CaPaEBR)ebr11367936 035 $a(CaONFJC)MIL551586 035 $a(OCoLC)982012464 035 $a(EXLCZ)992550000001192321 100 $a20170420h20132013 uy 0 101 0 $aeng 135 $aur|n|---||||| 181 $ctxt 182 $cc 183 $acr 200 10$aElder brother and the law of the people $econtemporary kinship and Cowessess First Nation /$fRobert Alexander Innes 210 1$aWinnipeg, Manitoba :$cUniversity of Manitoba Press,$d2013. 210 4$d©2013 215 $a1 online resource (257 p.) 225 1 $aCritical Studies in Native History 300 $aDescription based upon print version of record. 311 1 $a0-88755-746-5 320 $aIncludes bibliographical references and index. 327 $aCover -- Contents -- Illustrations. Map 1, Western Canada, Cowessess First Nation is located in southeastern Saskatchewan ; Map 2, Cowessess and its neighbouring First Nations, Sakimay, Kakewistahaw, and Ochapowace ; Table 1, Population of Cowessess First Nation, July 2013 -- Introduction -- Chapter 1, Elder Brother as Cultural Hero : The Law of the People and Contemporary Customary Kinship. Tricksters ; Âtayôhkêwina and Âcimowina ; Elder Brother as Cultural Hero ; Elder Brother Stories as Law of the People -- 327 $aChapter 2, A Historical View of the Iron Alliance. Emergence of the Iron Alliance ; Origins of the Assiniboine ; Origins of the Saulteaux ; Archaeology and the Emergence of Plains First Nations People ; Origins of the Métis ; Aboriginal People of the Saskatchewan Plains, 1800-1870 ; Saskatchewan's Aboriginal People up to 1885 -- Chapter 3, Multicultural Bands on the Northern Plains and the Notion of "Tribal" Histories -- Chapter 4, The Multicultural Composition of Cowessess First Nation. The Cowessess Band and Louis O'Soup, 1870-1913 ; Cowessess Band in the Twentieth Century -- 327 $aChapter 5, Cowessess Band Members and the Importance of Family Ties. Impact of Dysfunction and the Reserve Economy on Kinship Practices ; Change and Continuity of Kinship Patterns ; Maintenance of Family Connections -- Chapter 6, First Nations Response to Membership Codes of the Indian Act - Bill C-31 and Cowessess First Nation. Entrenchment of Legal Criteria for "Indian"; Challenges to the Indian Act's Membership Code ; Reactions to Bill C-31 ; Cowessess Members' Views of Bill C-31 -- 327 $aChapter 7, Implementing Treaty Obligations in Saskatchewan - Cowessess First Nation and Treaty Land Entitlement. The Emergence of Treaty Land Entitlement ; The Treaty Land Entitlement Framework Agreement ; Cowessess First Nation and Treaty Land Entitlement ; Cowessess Members' View of the Impact of TLE -- Conclusion -- Notes -- Bibliography -- Acknowledgements -- Index. 410 0$aCritical studies in native history. 606 $aIndigenous peoples$xKinship$zSaskatchewan 607 $aCowessess First Nation 608 $aElectronic books. 615 0$aIndigenous peoples$xKinship 676 $a306.83089/97071244 700 $aInnes$b Robert Alexander$0886699 801 0$bMiAaPQ 801 1$bMiAaPQ 801 2$bMiAaPQ 906 $aBOOK 912 $a9910453559503321 996 $aElder brother and the law of the people$91980107 997 $aUNINA LEADER 02630nam 2200553 450 001 9910793867203321 005 20230124195822.0 010 $a1-63400-103-6 035 $a(CKB)4100000009444308 035 $a(MiAaPQ)EBC5910300 035 $a(EXLCZ)994100000009444308 100 $a20191028d2019 uy 0 101 0 $aeng 135 $aurcnu|||||||| 181 $ctxt$2rdacontent 182 $cc$2rdamedia 183 $acr$2rdacarrier 200 10$aEducating librarians in the contemporary university $ean essay on iSchools and emancipatory resilience in library and information science /$fJoacim Hansson 210 1$aSacramento, California :$cLibrary Juice Press,$d2019 215 $a1 online resource (viii, 208 pages) 311 $a1-63400-058-7 320 $aIncludes bibliographical references (pages 183-201) and index. 327 $aBuilding a profession, with an education to go -- On librarianship and democracy, soft and hard -- Universities and the speed of life -- The open core of Library and Information Science -- Education for librarianship moving forward. 330 $a"Analyzes the development of library and information science in the contemporary university, in light of present critical social theory, focusing on such aspects as academic acceleration, organizational accretion and the rise of an "'entrepreneurial spirit'"--$cProvided by publisher. 606 $aInformation science$xSocial aspects 606 $aLibrary education$xSocial aspects 606 $aLibrary science$xSocial aspects 606 $aInformation science$xSocial aspects$zEurope 606 $aInformation science$xStudy and teaching (Higher)$xSocial aspects 606 $aLibrary science$xSocial aspects$zEurope 606 $aLibrary education$xSocial aspects$zEurope 606 $aInformation science$xStudy and teaching (Higher)$xSocial aspects$zEurope 615 0$aInformation science$xSocial aspects. 615 0$aLibrary education$xSocial aspects. 615 0$aLibrary science$xSocial aspects. 615 0$aInformation science$xSocial aspects 615 0$aInformation science$xStudy and teaching (Higher)$xSocial aspects. 615 0$aLibrary science$xSocial aspects 615 0$aLibrary education$xSocial aspects 615 0$aInformation science$xStudy and teaching (Higher)$xSocial aspects 676 $a020.711 700 $aHansson$b Joacim$f1966-$01511407 801 0$bMiAaPQ 801 1$bMiAaPQ 801 2$bMiAaPQ 906 $aBOOK 912 $a9910793867203321 996 $aEducating librarians in the contemporary university$93744670 997 $aUNINA LEADER 01482nam0 22003251i 450 001 UON00292264 005 20231205103926.607 010 $a39-346-2887-7$bv. 336 100 $a20070410d2007 |0itac50 ba 101 $ager 102 $aDE 105 $a|||| 1|||| 200 1 $aˆ"... Der ‰seine Lust hat am Wort des Herrn!"$eFestschrift fur Ernst Jenni zum 80. Geburtstag$fHerausgegeben von Jurg Luchsinger, Hans-Peter Mathys und Markus Saur 210 $aMunster$cUgarit-Verlag$d2007 215 $aX, 464 p.$d24 cm 311 $aVOA SERIE 001$9UON00000604 410 0$1001UON00000604$12001 $aAlter Orient und Altes Testament$eVeroffentlichungen zur Kultur und Geschichte des Alten Orients und des Alten Testaments$fHrsg. Manfried Dietrech, Oswald Loretz$v336 VOA SERIE 001 606 $aFILOLOGIA SEMITICA$3UONC002429$2FI 620 $aDE$dMünster$3UONL001022 686 $aVOA SERIE$cVICINO ORIENTE ANTICO - COLLANE$2A 702 1$aLUCHSINGER$bJurg$3UONV168227 702 1$aMATHYS$bHans-Peter$3UONV078657 702 1$aSAUR$bMarkus$3UONV168228 712 $aUgarit-Verlag$3UONV251297$4650 801 $aIT$bSOL$c20240220$gRICA 899 $aSIBA - SISTEMA BIBLIOTECARIO DI ATENEO$2UONSI 912 $aUON00292264 950 $aSIBA - SISTEMA BIBLIOTECARIO DI ATENEO$dSI VOA SERIE 001 (336) $eSI SA 120336 7 (336) 996 $aSeine Lust hat am Wort des Herrn!"$91251999 997 $aUNIOR